Statistics for European Countries by National Train Operator (with Map)

Click here to take the quiz!

General Stats

  • This quiz has been taken 83 times
  • The average score is 9 of 38

Answers on the Map

Answers color-coded by a green-red scale on the quiz's map according to % correct below.
 

Answer Stats

CountryAnswer% Correct
GermanyDeutsche Bahn (DB)
81%
FranceSociété Nationale des Chemins de fer Français (SNCF)
68%
Austria
Österreichische Bundesbahnen (ÖBB)
63%
ItalyFerrovie dello Stato (FS)/
Trenitalia
55%
SpainRenfe
55%
NetherlandsNederlandse Spoorwegen (NS)
53%
BelgiumNationale Maatschappij der Belgische Spoorwegen (NMBS)/
Société Nationale des Chemins de fer Belges (SNCB)
44%
SwitzerlandSchweizerische Bundesbahnen (SBB)/
Chemins de fer fédéraux suisses (CFF)/
Ferrovie federali svizzere (FFS)
44%
SwedenSJ
33%
CzechiaČeské dráhy (ČD)
32%
DenmarkDanske Statsbaner (DSB)
32%
PolandPolskie Koleje Państwowe (PKP)
26%
NorwayVygruppen/
Norges Statsbaner (NSB)
25%
LuxembourgSociété Nationale des Chemins de Fer Luxembourgeois (CFL)
23%
HungaryMagyar Államvasutak (MÁV)
19%
CroatiaHrvatske Željeznice (HŽ)
18%
PortugalComboios de Portugal (CP)
16%
SloveniaSlovenske železnice (SŽ)
16%
UkraineUkrzaliznytsia (UZ)
15%
IrelandIarnród Éireann (IÉ)
14%
FinlandValtion Rautatiet (VR)
14%
SerbiaŽeleznice Srbije (ŽS)
14%
RussiaRossiyskiye Zhyelyezniye Dorogi (RŻD)
12%
SlovakiaŽelezničná spoločnosť Slovensko (ZSSK)
12%
RomaniaCăile Ferate Române (CFR)
11%
BulgariaBalgarski Darzhavni Zheleznitsi (BDZ)
8%
North MacedoniaMakedonski Železnici (MŽ)
8%
KosovoHekurudhat e Kosovës/
Železnice Kosova/
Trainkos
7%
LatviaLatvijas dzelzceļš (LDZ)
7%
GreeceOrganismós Sidirodrómon Elládos (OSE)
7%
MoldovaCalea Ferată din Moldova (CFM)
5%
EstoniaEesti Raudtee (EVR)
5%
AlbaniaHekurudha Shqiptare (HSH)
5%
LithuaniaLietuvos Geležinkeliai (LG)
5%
Bosnia (1/2)Željeznice Republike Srpske (ŽRS)
5%
BelarusBiełaruskaja čyhunka (BCh)
4%
MontenegroŽeljeznica Crne Gore (ŽCG)/
Željeznički prevoz Crne Gore (ŽPCG)
4%
Bosnia (2/2)Željeznice Federacije Bosne i Hercegovine (ŽFBiH)
3%

Score Distribution

Percentile by Number Answered

Percent of People with Each Score

Your Score History

You have not taken this quiz